[Event "Teheran FIDE GP (Women)"]
[Site "Teheran"]
[Date "2016.02.22"]
[Round "10"]
[White "Zhao, Xue"]
[Black "Khademalsharieh, Sarasadat"]
[Result "0-1"]
[WhiteElo "2506"]
[BlackElo "2403"]
[Annotator "CB"]
[PlyCount "141"]
[EventDate "2016.02.11"]
[EventType "tourn"]
[EventRounds "11"]
[EventCountry "IRI"]
[EventCategory "11"]
[SourceTitle "CBM 171"]
[Source "ChessBase"]
[SourceDate "2016.03.14"]
[SourceVersion "2"]
[SourceVersionDate "2016.03.14"]
[SourceQuality "1"]

1. Nf3 d5 2. g3 Bg4 3. Bg2 c6 4. O-O Nd7 5. d4 ({Eher im Sinne des Erfinder
ist hier} 5. d3) 5... e6 6. Nbd2 Ngf6 7. c4 Be7 8. b3 {Nun ist eine Stellung
der Katalanischen Eröffnung auf dem Brett mit einem schwarzen Läufer auf g4
statt auf c8, was natürlich Schwarz begünstigt.} O-O 9. Bb2 a5 10. a3 Qc7 11.
Rc1 Rfd8 $11 (11... Qb8 12. Re1 b5 13. c5 Qc7 14. e4 dxe4 15. Nxe4 Rad8 16.
Ned2 Nd5 17. Qe2 Rfe8 18. h3 Bh5 19. Ne4 Bf8 20. Qf1 f6 21. Nc3 Bf7 22. Nxd5
exd5 23. Rxe8 Rxe8 24. Re1 Be7 25. Bc1 Nf8 26. Bf4 Qd7 27. h4 Be6 28. Bd2 Bd8
29. Re3 Bf5 30. Qe1 Rxe3 31. Qxe3 Qe6 32. Ne1 Bc7 33. Bf1 Qxe3 {1/2-1/2 (33)
Swapnil,S (2307)-Sriram,J (2457) Kolkata 2008}) 12. h3 Bf5 13. cxd5 exd5 14.
Nh4 Be6 15. e3 Nf8 16. f4 Bd6 17. g4 $6 {Zu optimistisch.} (17. Nhf3 $11) 17...
Qe7 18. g5 Ne4 {[#]} 19. Nxe4 dxe4 {Nun hat der Sh4 kein Rückzugsfeld. Weiß
tritt die Flucht nach vorne an.} 20. f5 (20. Bxe4 Bxh3 {kostet Material.})
20... Qxg5 21. fxe6 fxe6 {Der Sh4 kann ja nicht weglaufen.} 22. Qg4 Qxg4 $6 ({
Präziser war} 22... Qxe3+ 23. Kh1 Qg3 24. Qxg3 Bxg3 25. Nf3 {mit
Materialgewinn:} (25. Nf5 exf5 26. Rxf5 Re8 $19) 25... exf3 26. Bxf3 Bh4) 23.
hxg4 Bg3 24. Nf5 exf5 25. Rxf5 Re8 26. Bf1 Ne6 27. d5 (27. Bc4 $5) 27... cxd5 (
{Nach} 27... g6 28. dxe6 gxf5 29. gxf5 {sind die beiden weißen Freibauern
recht unerfreulich.}) 28. Rxd5 Re7 29. a4 {Weiß hat zwar einen Bauern weniger,
aber dafür reichlich Linien für das Läuferpaar.} h6 30. Ba3 Rf7 {[#]} 31.
Kg2 $2 ({Richtig war} 31. Bc4 Kh7 32. Kg2 $16 Bf4 $2 33. Rf1) 31... Bf4 $1 {
Ein taktischer Piekser, der einen Bauern einbringt.} 32. Re1 (32. Bc4 {war
immer noch eine gute Idee.}) 32... Bxe3 {An der Schwäche von f4 hat sich
nichts geändert.} 33. Rf5 Rxf5 34. gxf5 Nf4+ (34... Bc5 {halbiert das weiße
Läuferpaar.} 35. fxe6 Bxa3 36. Rxe4 $15) 35. Kg3 Nh5+ 36. Kh3 Bg5 37. Rxe4 Rd8
38. Bc4+ Kh7 39. Bc5 {Weiß hat auch hier einen Minusbauern, mit dem
Läuferpaar aber reichlich Spiel.} Nf4+ 40. Kg3 Nd5 41. Kf3 Rc8 42. Bg1 Ne7 43.
Re5 Nc6 44. Rb5 Bf6 45. Be6 Rd8 46. Rxb7 {Gewinnt das Material zurück.} Rd1
47. Bf2 (47. Bb6 $5 {um vielleicht den a5 zu gewinnen.}) 47... h5 48. Bf7 Ne5+
49. Ke2 Rh1 50. Bd4 h4 {[#] Die kritische Phase der Partie: Schwarz wirft den
h-Bauern in die Schlacht und Weiß findet kein geeignetes Gegenrezept.} 51.
Bxe5 Bxe5 52. Rb5 (52. b4 axb4 53. Rxb4 $11) 52... Bc3 53. Kf3 Rg1 54. Rb8 (54.
f6 $5 g5 $5 (54... gxf6 55. Rh5+)) 54... Rg3+ 55. Kf4 Bd2+ 56. Ke5 h3 57. Bg6+
Kh6 58. Rd8 (58. Rh8+ Kg5 59. Ke4 Re3+ 60. Kd4 Rxb3 $19) 58... Re3+ 59. Kd4 Kg5
60. Kc4 Rc3+ ({Stark war auch} 60... h2 61. Rh8 Re4+ 62. Kd3 Rh4 $19) 61. Kb5
Rxb3+ 62. Ka6 Bf4 63. Rh8 h2 64. Bf7 Rd3 65. Rh5+ Kg4 66. f6 Rd6+ 67. Kxa5 Rxf6
68. Be8 Re6 (68... Rf5+ 69. Rxf5 h1=Q $19) 69. Bf7 Re7 70. Bg6 Re1 71. Kb5 (71.
Kb5 Re5+ 72. Rxe5 h1=Q $19) 0-1

[Event "Bundesliga 1516"]
[Site "Germany"]
[Date "2016.04.09"]
[Round "12.3"]
[White "Inarkiev, Ernesto"]
[Black "Shirov, Alexei"]
[Result "1-0"]
[WhiteElo "2660"]
[BlackElo "2712"]
[Annotator "CB"]
[PlyCount "81"]
[EventDate "2015.09.18"]
[EventType "team-tourn"]
[EventRounds "15"]
[EventCountry "GER"]
[SourceTitle "CBM 172"]
[Source "ChessBase"]
[SourceDate "2016.05.12"]
[SourceVersion "1"]
[SourceVersionDate "2016.05.12"]
[SourceQuality "1"]
[WhiteTeam "Schwaebisch Hall"]
[BlackTeam "Baden-Baden"]
[WhiteTeamCountry "GER"]
[BlackTeamCountry "GER"]

1. d4 d5 2. c4 c6 3. Nf3 Nf6 4. e3 Bg4 5. Qb3 (5. h3 Bh5 6. Nc3 e6 7. g4 Bg6 8.
Ne5 Nbd7 9. Nxg6 hxg6 10. a3 Be7 11. Bd2 dxc4 12. Bxc4 c5 13. d5 exd5 14. Nxd5
Ne4 15. Qc2 Nxd2 16. Qxd2 Nb6 17. Qc2 O-O 18. O-O-O Bh4 19. f4 Nxd5 20. Rxd5
Qe8 21. Qd3 Rd8 22. g5 Rxd5 23. Bxd5 Kh7 24. Qe2 f6 25. gxf6 Rxf6 26. Rh2 g5
27. Qd3+ Kh6 28. Re2 b5 29. Kb1 c4 30. Qd2 Qg6+ 31. Ka2 Qd3 32. Qxd3 cxd3 33.
Rd2 gxf4 34. exf4 Rxf4 35. Rxd3 b4 36. Kb3 bxa3 37. bxa3 Bf6 38. Rf3 Rxf3+ 39.
Bxf3 Be7 40. Bg4 Kg5 {1/2-1/2 (40) Inarkiev,E (2706)-Shirov,A (2691) Sochi 2015
}) 5... Qb6 6. Nc3 e6 7. Nh4 Bh5 8. h3 Nbd7 9. g4 Bg6 10. Nxg6 hxg6 11. Bg2 g5
12. O-O Be7 13. Rd1 ({Die gleiche Variante hat Inarkiev auch schon mit Schwarz
gespielt, dort geschah:} 13. Re1 Kf8 14. cxd5 Qxb3 15. axb3 Nxd5 16. Nxd5 exd5
17. e4 dxe4 18. Rxe4 Nb6 19. Bd2 a6 20. Ra5 Nd5 21. Re1 Bb4 22. Bxb4+ Nxb4 23.
Rxg5 Rd8 24. Rd1 Rh6 25. Rc5 Rhd6 26. Rc4 b5 27. Rc3 Rxd4 28. Rxd4 Rxd4 29.
Bxc6 Nxc6 30. Rxc6 Rd3 31. Kg2 Rxb3 32. Rxa6 g5 33. Ra7 Rxb2 34. Rb7 Rb3 35. f3
Kg7 36. Kg3 Kf6 37. h4 gxh4+ 38. Kxh4 Rxf3 39. Rxb5 Rf1 40. Kg3 Kg6 41. Ra5 {
1/2-1/2 (41) Dreev,A (2698)-Inarkiev,E (2695) Sochi 2012}) 13... Nf8 14. Qa4
Ng6 ({Mit} 14... dxc4) ({oder} 14... Qb4 {konnte Schwarz die folgende
Abwicklung unterbinden, sieht aber keinen Grund, sich nicht darauf einzulassen.
}) 15. cxd5 exd5 16. Nxd5 Nxd5 17. Bxd5 Rxh3 18. Bg2 Rh4 19. d5 Ne5 20. Qd4 f6
({Nach} 20... Qxd4 21. exd4 {scheitert} Nxg4 {an} 22. Re1 Rh6 (22... Kf8 23.
Rxe7 Kxe7 24. Bxg5+) 23. Bxg5 $18) ({Besser schien} 20... Bf6 $5 21. Qxb6 axb6
{und nach} 22. f4 {nun} Nd7 23. dxc6 bxc6 24. Bxc6 Rxg4+ 25. Kf2 O-O-O $14) 21.
Qxb6 axb6 22. f4 gxf4 23. exf4 Nxg4 (23... Nd7 24. Kf2 $16) 24. dxc6 {Schwarz
kann nicht auf c6 wiedernehmen.} Kf8 {[#]} 25. cxb7 {Mit dem gedeckte
Freibauern auf b7 sollte Weiß den Sieg in der Tasche haben, muss vorher aber
noch ein paar Drohungen abwehren.} Bc5+ 26. Kf1 Re8 {Droht immerhin Matt.} 27.
Bf3 f5 28. b4 {Verdrängt den Läufer aus seiner starken Position.} Bxb4 29.
Bc6 Rb8 30. Rb1 Bc5 31. Rd7 Ne3+ 32. Ke2 Nc4 33. Rc7 Rh2+ 34. Kd3 Nd6 35. Bb2
Rh3+ 36. Kc2 Rh2+ 37. Kd1 Rd8 (37... Rh7 38. Be5 $18) 38. Bxg7+ Kg8 39. Bd5+
Nf7 40. Rc8 Kxg7 41. Rxd8 (41. Rxd8 Nxd8 42. b8=Q) 1-0

[Event "Politiken Cup 19th"]
[Site "Copenhagen"]
[Date "1997.07.15"]
[Round "10"]
[White "Hoi, Carsten"]
[Black "Thorhallsson, Throstur"]
[Result "1-0"]
[WhiteElo "2420"]
[BlackElo "2510"]
[Annotator "ChessBase"]
[PlyCount "61"]
[EventDate "1997.07.??"]
[EventType "swiss"]
[EventRounds "11"]
[EventCountry "DEN"]
[SourceTitle "EXT 2000"]
[Source "ChessBase"]
[SourceDate "1999.11.16"]
[SourceVersion "1"]
[SourceVersionDate "1999.11.16"]
[SourceQuality "1"]

1. d4 d5 2. Nf3 Nf6 3. e3 c6 4. Bd3 Bg4 5. Nbd2 Nbd7 6. c4 e6 7. O-O Bd6 8. h3
Bh5 9. b3 O-O 10. Bb2 Re8 11. Rc1 Qe7 12. Qc2 $1 Bg6 (12... e5 13. dxe5 Nxe5
14. Bxe5 Bxe5 15. cxd5) 13. Bxg6 hxg6 14. c5 Bc7 15. Ne5 Nxe5 16. dxe5 Nd7 17.
Nf3 (17. f4 b6 18. cxb6 Bxb6) 17... Kh7 18. Rfd1 f5 19. exf6 gxf6 20. Rd4 $1 e5
21. Rh4+ Kg7 22. Rg4 Qf7 23. Nh4 Nf8 24. f4 Kh6 25. Qf2 Bd8 26. Nf3 e4 27. Nd4
$1 Ne6 (27... f5 28. Qh4+ Bxh4 29. Rxh4+ Kg7 30. Ne6+ Kg8 31. Rh8#) 28. Qh4+
Kg7 29. Nf5+ Kf8 30. Qh6+ Ng7 31. Rxg6 1-0

[Event "Helsinki op"]
[Site "Helsinki"]
[Date "1992.??.??"]
[Round "5"]
[White "Tukmakov, Vladimir B"]
[Black "Baburin, Alexander"]
[Result "1-0"]
[WhiteElo "2570"]
[BlackElo "2520"]
[Annotator "ChessBase"]
[PlyCount "49"]
[EventDate "1992.09.??"]
[EventType "swiss"]
[EventRounds "9"]
[EventCountry "FIN"]
[SourceTitle "CBM 032"]
[Source "ChessBase"]
[SourceDate "1993.02.01"]
[SourceVersion "1"]
[SourceVersionDate "1993.02.01"]
[SourceQuality "1"]

1. d4 d5 2. Nf3 Bf5 3. c4 e6 4. Nc3 c6 5. Qb3 Qb6 (5... Qc8) 6. c5 Qc7 (6...
Qxb3 7. axb3 $14) 7. Bf4 Qc8 8. Nh4 (8. e3 Be7 9. Be2 Nd7 10. Qa4 b5 $5) 8...
Ne7 $5 (8... Bg4 9. h3 Bh5 10. g4 Be7 11. Bg3 $1) 9. Nxf5 (9. e3 Ng6 $1 10.
Nxg6 (10. Nxf5 Nxf4 11. exf4 exf5 $10) 10... Bxg6) 9... Nxf5 10. e3 Nd7 11. Bd3
g6 (11... b6 $6 12. Qa4 $1 bxc5 (12... b5 13. Qc2 g6 14. b4 $16) 13. Ba6 Qd8
14. Bb7 cxd4 15. exd4 $16) 12. O-O Bg7 13. Bxf5 $1 gxf5 (13... exf5 14. Bd6 Bf8
15. Bxf8 Nxf8 16. f3 Ne6 17. e4 $1 dxe4 18. fxe4 O-O 19. Rad1 $16) 14. Ne2 Nf6
$6 (14... b6 15. cxb6 (15. Bd6 bxc5 16. dxc5 Ne5 $13) 15... axb6 16. Ng3 $13)
15. f3 Nh5 $2 16. Bd6 Bf8 17. e4 $1 Bxd6 (17... dxe4 18. fxe4 fxe4 19. g4 $1
Ng7 20. Ng3 $16) 18. cxd6 fxe4 (18... Qd7 19. e5 $16) 19. fxe4 dxe4 20. g4 $1 (
20. Qh3 Ng7 21. Qh6 O-O 22. Rf4 f5 23. Rh4 Kf7 24. Nf4 Qd8 25. Qxh7 Qg5 $132)
20... Ng7 (20... Rg8 21. Qh3) 21. Ng3 f5 (21... Qd7 22. Nxe4 O-O-O 23. Nc5 $18)
(21... O-O 22. Nxe4 f5 23. gxf5 Nxf5 24. Nc5 $18) 22. gxf5 exf5 23. Nxe4 Qe6
24. d7+ $1 Kf8 (24... Ke7 25. Qb4+ Kd8 26. Qxb7 Qxe4 27. Qxa8+ Ke7 28. d8=Q+ $1
(28. Qxh8 Qg4+) 28... Rxd8 29. Qxa7+ Rd7 30. Qc5+ Kf7 31. Rae1 Qg4+ 32. Kh1 $18
) 25. Rxf5+ $1 (25. Rxf5+ Qxf5 26. Rf1 Qxf1+ 27. Kxf1 $18) 1-0

[Event "Monarch Assurance 11th"]
[Site "Port Erin"]
[Date "2002.10.05"]
[Round "8.2"]
[White "Stocek, Jiri"]
[Black "Dautov, Rustem"]
[Result "0-1"]
[WhiteElo "2555"]
[BlackElo "2617"]
[Annotator "Dautov,R"]
[PlyCount "116"]
[EventDate "2002.09.28"]
[EventType "swiss"]
[EventRounds "9"]
[EventCountry "IOM"]
[SourceTitle "CBM 091"]
[Source "ChessBase"]
[SourceDate "2002.11.12"]
[SourceVersion "1"]
[SourceVersionDate "2002.11.12"]
[SourceQuality "1"]

1. d4 d5 2. c4 c6 3. Nf3 Nf6 4. Qc2 dxc4 5. e4 $5 b5 6. b3 cxb3 7. axb3 e6 8.
Bd2 {Mit diesem Zug versucht Weiß, den Damenflügel nach dem Muster Ba5, b3-b4
zu versiegeln. Damit hätte er freie Hand im Zentrum und auf dem Königsflügel.
Üblicherweise reagiert Schwarz mit 8...a5, was den a-Bauern schwächt und die
Durchsetzung von c6-c5 erschwert. Ich hatte keine Ahnung von der Theorie
dieses Abspiels und wählte deswegen eine natürliche Entwicklung.} Bb7 9. Ba5
Qc8 10. Nbd2 {Mit der Idee b3-b4.} (10. b4 $2 Na6 $17) ({Gespielt wurde bereits
} 10. Bd3 Na6 (10... a6 11. b4 Be7 12. Nbd2 $44) 11. Qd2 Be7 ({M.E. sollte
Schwarz hier} 11... b4 $1 {spielen.}) 12. b4 O-O 13. O-O Bd8 14. Qc3 {, und
Weiß hatte ausreichend Kompensation für den Bauern:} Bxa5 15. Rxa5 c5 16. dxc5
Nxe4 17. Qb2 Nb8 18. Bxb5 Nc6 19. Bxc6 Bxc6 20. Ne5 $14 {Ivanov,M-Thorsteins,K/
Reykjavik 1997}) 10... Na6 $1 {Auf diese Weise kann Schwarz das einschnürende
b3-b4 langfristig verhindern.} 11. Qb2 (11. Qc3 b4 $1 $15) 11... Bb4 12. Be2
O-O 13. O-O Qd7 (13... c5 $2 14. Bxb5 Bxa5 15. Rxa5 $14) 14. Rfd1 Qe7 15. e5 $1
Nd5 (15... Nd7 16. Ne4 $44 c5 $2 17. Nd6 $14) 16. Ne4 Bxa5 17. Rxa5 Nab4 18.
Qd2 $1 {Hier steht die Dame sehr gut. Dank seiner schwarzfeldrigen Strategie
hat Weiß ausreichende Kompensation für den Bauern, aber auch nicht mehr. Die
Stellung befindet sich im ungefähren Gleichgewicht.} a6 19. h4 f6 {Ich sah
nichts Besseres als dieses Gegenspiel auf dem Königsflügel.} ({Das
Vorwärtsschreiten des Bauern "a" brachte Schwarz nichts außer einer neuen
Schwäche.} 19... Qc7 20. Raa1 a5 $6 21. h5 h6 22. Nc5 {><a5}) 20. exf6 $6 {
Mein Gegner spielt eindeutig auf Gewinn. Sonst hätte er 20.h5 gewählt, wonach
ich wegen der Drohung h5-h6 zu der Stellungsschließung f6-f5 gezwungen wäre.} (
20. h5 $1 f5 21. Nc5 Rad8 $11) 20... gxf6 (20... Nxf6 $2 21. Nc5 Nfd5 {><e6,e5}
22. g3 $44) 21. Raa1 Rad8 {Der Bauerntausch brachte neue Möglichkeiten mit
sich, und ich war bezüglich meiner Chancen recht optimistisch. Nach der
geplanten Durchsetzung von e6-e5 wird der passive Bb7 über c8 ins Spiel
zurückfinden.} 22. Bf1 Kh8 23. Re1 Bc8 24. Nc5 $2 (24. Rac1 $1 {mit der Idee
25.Nc5 war genauer.}) 24... Rde8 $2 {Ein Tempoverlust.} (24... e5 $1 25. Rac1
Bg4 26. Nh2 Rg8 {brachte Schwarz Vorteil.}) 25. Rac1 Qg7 26. g3 Re7 $2 ({
Erneut war} 26... e5 $1 $15 {entschlossener und besser.}) 27. Bg2 Rg8 $2 {
In dieser Stellung geht es um den Vorstoß e6-e5, und er sollte so bald wie
möglich erfolgen. All diese unnötigen Vorbereitungszüge kosten Schwarz
wertvolle Zeit. Der Anziehende dagegen nutzt die Zeit sehr effektiv und
verdoppelt seine Türme auf der e-Linie.} (27... e5 $1) 28. Re2 Rge8 29. Rce1 e5
{Schwarz kann nicht länger mit diesem Vorstoß warten, es drohte bereits 30.Bh3.
} 30. dxe5 fxe5 {/\Bg4} 31. Re4 (31. Qb2 Bg4 32. Rxe5 Bxf3 33. Rxe7 Rxe7 34.
Qxg7+ Kxg7 35. Rxe7+ Nxe7 36. Bxf3 $11 {führte zu einem etwa gleichen Endspiel.
Weiß strebt nach mehr.}) 31... a5 32. Qb2 Bf5 $1 33. Rxe5 Bg6 {Der Bauer e5
verschwand vom Brett, dafür gelang es mir, den weißen Turm e5 unangenehm zu
fesseln. Sollte es Weiß gelingen, diese Fesselung zu lösen und dabei die Damen
auf dem Brett behalten, wird er dank dem schwachen weißen König deutlich
besser stehen. Schwarz dagegen strebt den Damentausch an. In dieser scharfen
Stellung verblieben uns beiden etwa 5 Minuten bis zur Zeitkontrolle.} 34. R1e2
(34. Qa1 Nc2 35. Rxe7 Rxe7 36. Qxg7+ Kxg7 37. Rxe7+ Nxe7 38. Ne5 Nd4 39. Nxg6
hxg6 $11) 34... Nd3 $2 {Dieser sehr natürliche Zug ist ein Fehler.} ({Richtig
war das Abschneiden der weißen Dame} 34... Nc2 $1 $13 {, wonach die Stellung
völlig unklar bliebe.}) 35. Nxd3 Bxd3 36. Rxe7 $2 {Unter Zeitdruck entscheidet
sich Stocek für den Generaltausch und kommt mir damit sehr entgegen. Es war
selbst mit mehr Zeit nicht leicht zu finden, daß ihm 36.Re1! einen großen
Vorteil sicherte.} (36. Re1 $1 $16 {Sein Plan ist nun Qa1, Rxe7 und Nf3-e5,
und Schwarz ist ziemlich hilflos dagegen.} Bg6 (36... c5 $2 37. Rxe7 Rxe7 38.
Qxg7+ Kxg7 39. Ne5 $18) (36... Nb4 37. Qa1 Nc2 38. Rxe7 Rxe7 39. Qxa5 $1 $16)
37. Qa1 $1 Bh5 (37... Bc2 38. Rxe7 Rxe7 39. Ne5 Bxb3 40. Qxa5 $16) 38. Rxe7
Rxe7 39. Ne5 $16) 36... Rxe7 37. Qxg7+ Kxg7 38. Rxe7+ $2 {Das
Leichtfigurenendspiel erweist sich als äußerst gefährlich für Weiß. Mein
Gegner hätte die Türme auf dem Brett behalten sollen, wonach das Unentschieden
sehr wahrscheinlich geworden wäre.} (38. Ra2 $1 Ra7 39. Ne5 Nb4 40. Rd2 Bg6 $15
) 38... Nxe7 $17 39. Ne5 Bc2 40. Nxc6 $2 {Danach ist die Partie nicht mehr zu
retten. Die letzte Remischance bot 40.Bxc6!} (40. Bxc6 $1 a4 (40... Nxc6 41.
Nxc6 a4 42. bxa4 bxa4 43. Nd4 Bd3 44. f3 a3 45. Kf2 a2 46. Nb3 Bc2 47. Na1 $17)
41. bxa4 bxa4 42. Bxa4 Bxa4 $17 {gewinnt analog der Partie eine Figur, aber
das Vorhandensein der Springer auf dem Brett sollte den Gewinn zumindest sehr
erschweren.}) 40... Nxc6 41. Bxc6 Bxb3 $19 42. Bxb5 a4 43. Bxa4 Bxa4 {Dieses
Endspiel ist für Schwarz dank der Tatsache, daß sein Bauer noch auf h7 steht,
gewonnen.} 44. Kg2 Bd1 45. f3 Kf6 46. Kf2 Kf5 47. Ke3 Ke5 48. Kf2 (48. g4 Ba4
49. f4+ (49. h5 Bd1 $19) 49... Kd5 50. Kf3 Bd1+ 51. Kg3 Ke4 $19) 48... Kd4 49.
g4 Ba4 50. h5 Ke5 51. Kg3 Bd1 52. h6 Ba4 $1 ({Schwarz muß auf der Hut sein,} 
52... Kf6 53. f4 Kg6 54. Kh4 Kxh6 $4 (54... Bb3 $1 55. Kg3 Kxh6 56. Kh4 Bc2 57.
f5 Kg7 $19) 55. f5 Be2 56. g5+ Kg7 57. Kg3 $11 {führt zum Remis.}) 53. f4+ Ke4
54. f5 Be8 55. Kh3 Kf4 56. Kh4 Bf7 57. Kh3 Kg5 58. Kg3 Bd5 0-1

[Event "Bundesliga 0203"]
[Site "Germany"]
[Date "2002.10.19"]
[Round "1.3"]
[White "Jussupow, Artur"]
[Black "Dautov, Rustem"]
[Result "1/2-1/2"]
[WhiteElo "2622"]
[BlackElo "2617"]
[Annotator "Dautov,R"]
[PlyCount "71"]
[EventDate "2002.10.19"]
[EventType "team-tourn"]
[EventRounds "15"]
[EventCountry "GER"]
[SourceTitle "CBM 093"]
[Source "ChessBase"]
[SourceDate "2003.04.01"]
[SourceVersion "1"]
[SourceVersionDate "2003.04.01"]
[SourceQuality "1"]
[WhiteTeam "Solingen"]
[BlackTeam "Baden Oos"]
[WhiteTeamCountry "GER"]
[BlackTeamCountry "GER"]

1. c4 c6 2. d4 d5 3. Nf3 Nf6 4. e3 Bg4 5. h3 Bxf3 6. Qxf3 e6 7. Nc3 Nbd7 {
Eine Modevariante der letzten Jahre. Schwarz überläßt dem Gegner das
Läuferpaar und setzt auf schnelle und harmonische Entwicklung.} 8. Bd3 ({
Eine andere, scharfe Vorgehensweise ist} 8. Bd2 Bd6 9. g4 Bb4 10. Bd3 e5 11.
cxd5 Bxc3 12. Bxc3 Nxd5 13. Bc4 N7b6 14. Bxd5 Nxd5 15. Qe4 O-O 16. dxe5 Qh4 17.
Bd4 Rad8 $44 {Dreev,A-Movsesian,S/Sarajevo 2002}) 8... Bd6 9. O-O O-O 10. Rd1 (
{Dem sofortigen Vorstoß} 10. e4 {begegnet Schwarz mit} dxc4 $1 11. Bxc4 e5 12.
d5 Nb6 13. Bb3 cxd5 14. exd5 h6 15. Be3 a6 16. Rac1 Nbd7 $11 {Koneru,H-Lalic,B/
Torquay 2002}) 10... Qe7 11. Bd2 (11. Qe2 e5 12. cxd5 cxd5 13. dxe5 Qxe5 14. f4
Qe6 $11) ({Nach 11.e4 kann Schwarz zwischen 11...dxc4 und 11...e5 wählen:} 11.
e4 e5 (11... dxc4 12. Bxc4 e5) 12. exd5 exd4 13. Ne4 Nxe4 14. Qxe4 Qxe4 15.
Bxe4 c5 $11) 11... Rfe8 12. Bf1 {Artur verzichtet vorerst auf den Vorstoß
e3-e4 und bereitet das Fiancchetto g3, Bg2 vor.} Rad8 13. Rac1 (13. b3 g6 14.
g3 e5 15. cxd5 e4 16. Qe2 cxd5 17. Qb5 Nf8 18. Bg2 a6 19. Qe2 h5 20. Rac1 Ne6
21. Na4 h4 22. g4 Ng5 $11 {Martinovic,S-Movsesian,S/Neum 2002}) 13... h6 14. a3
a6 {Schwarz kann sich für seinen Vorstoß e6-e5 Zeit nehmen, der Punkt b5 wird
unter Kontrolle genommen.} 15. Re1 $6 {Der weiße Turm stand gut auf d1.
Sinnvoller waren Züge 15.b4 oder 15.g3.} (15. b4 e5 16. cxd5 e4 17. Nxe4 (17.
Qe2 cxd5 $11) 17... Nxe4 18. dxc6 bxc6 19. Rxc6 Nxd2 20. Rxd2 Bxb4 $5 (20...
Nb8 21. Rc1 $11) 21. axb4 Ne5 22. dxe5 Rxd2 $11) (15. g3 e5 $11) 15... Bb8 16.
g3 (16. e4 $2 dxe4 17. Nxe4 Nxe4 18. Qxe4 (18. Rxe4 Nc5 $17) 18... Nf6 $17)
16... dxc4 $1 17. Bxc4 e5 {Nun macht sich der Fehler im 15.Zug bemerkbar - der
weiße Bauer d4 ist in Gefahr.} 18. Ba2 Nc5 $2 {Der Zug ist sehr verlockend,
aber das entstehende Endspiel wird ausgeglichen sein. Dagegen gab Schwarz 18...
e4! einen kleinen Vorteil.} (18... e4 $1 19. Qe2 {[%csl Rf3] ><f3} (19. Qf5 Nf8
$15 {/\g6}) 19... Nb6 20. b4 (20. Kg2 Qd6 $15 {/\h5-h4}) 20... h5 21. f4 exf3
22. Qxf3 Qd6 $40) 19. Qf5 $1 Qd7 20. Qxd7 Rxd7 21. dxc5 Rxd2 22. Re2 $11 Rxe2
23. Nxe2 Rd8 24. Nc3 e4 $2 {/\Be5 Ich war zu optimistisch und habe die
Stellung vollkommen überschätzt. In Wirklichkeit wird meine Aktivität schnell
eingedämmt, während die empfindliche Schwäche e4 erhalten bleibt.} 25. Kf1 $1 (
{Ich rechnete nur mit} 25. Rd1 Rxd1+ 26. Nxd1 Be5 27. Bb1 Kf8 28. Kf1 Ke7 29.
Ke2 $11) 25... Rd2 26. Na4 $1 $14 {Der schwarze Turm wird zurückgeworfen.} Kf8
27. Ke1 Rd7 28. Rc4 Re7 {Die bittere Folge des Fehlers im 24.Zug - Schwarz ist
zur vollkommenen Passivität gezwungen, will er den Bauern e4 nicht sofort
verlieren.} 29. Bb1 h5 $1 {Sonst folgt g3-g4.} 30. h4 g6 31. Ke2 Kg7 32. b3 {
Wegen der Drohung Nc3 der einzige Zug.} (32. Nc3 Be5 33. Na4 (33. b4 Bxc3 34.
Rxc3 Nd5 $11) 33... Bb8 $14) (32. b4 Be5 33. Nb6 Bb2 34. a4 Re8 $14) 32... Be5
33. Nb6 ({In gegenseitiger Zeitnot befürchtete ich} 33. Bxe4 Bxg3 34. Bxc6 {
, aber bei der Analyse wurde entdeckt, daß Schwarz sich halten kann:} bxc6 $1 (
34... Bxf2 $2 35. Bxb7 Bxe3 36. c6 $16) 35. fxg3 Ne4 $11) 33... Bc7 34. Na4 Be5
35. Nb6 Bc7 36. Na4 {Remis wegen dreifacher Stellungswiederholung.} 1/2-1/2